000 01215cab a2200361 4500
001 ABS52675
008 090401t1995 xxu||||| |||| 00| 0 eng d
035 _a(Sirsi) u90211
041 _aeng
100 _aSingh, J.
245 _aDry rot and building decay: a greener approach
260 _c1995
350 _a0
490 _aConstruction Repair
_v9(2) March/April 1995, 28-32(5)
520 _aOffers an alternative, environmentally-friendly approach to remedying woodrot in buildings. Explains the behaviour of dry and wet rot and insect decay as well as the traditional remedial methods employed.
650 _aBUILT ENVIRONMENT-BUILDING MATERIALS
650 _aCHEMICALS
650 _aDECAY
650 _aDIAGNOSIS
650 _aBUILT ENVIRONMENT-BUILDING PATHOLOGY-INFESTATION (FUNGAL)-FUNGI-DRY ROT
650 _aENVIRONMENTAL CONTROLLER
650 _aFUNGAL DECAY
650 _aINSECT DECAY
650 _aPESTICIDES
650 _aREPAIR METHODS
650 _aTIMBER DECAY
650 _aWET ROT
690 _aBUILT ENVIRONMENT-BUILDING PATHOLOGY
690 _aBUILDING AND CONSTRUCTION-REPAIRS AND MAINTENANCE
700 _aWhite, N.A.
942 _n0
948 _c04/03/1997
999 _c57161
_d57161